000 00873cam a22002897a 4500
003 CHAP
005 20220329141132.0
008 120229s1989 r 00010 d
010 _a63165
011 _a64137
035 _a69364
040 _cCHAP
082 0 0 _a339.2
_bB7 1989
100 0 0 _aBranson, William H.
_915049
245 1 0 _aMacroeconomic theory and policy
_c/ por William H. Branson
250 _a3 ed.
260 _aNew York :
_bHarper,
_c1989
300 _a656 p.
590 _aBATCH-UPD
_b10
_c20130110
_lUCH01
_h2050
590 _aBATCH-UPD
_b10
_c20130410
_lUCH01
_h1403
590 _aBATCH-UPD
_b10
_c20130914
_lUCH01
_h1737
590 _aCONVERSION
_b10
_c20130109
_lUCH01
_h1334
650 1 4 _aMacroeconomía.
_969550
901 _aBK
942 _cLIBRO
949 _a339.2 B7 1989
_bBC
_cLIBRO
_d33724002320900
_eLIBRO
_gI. 259836
_h116327
_i69364
_sb
_t$3,060.00
999 _c63165
_d63165